Transition, European integration and foreign direct investment in Central and East European countries

Bibliographic Details
Main Author: Koyama, Yoji (Author)
Format: Book
Language:English
Published: Niigata Graduate School of Modern Society and Culture, Niigata University 2008
Series:Niigata University scholars series
Subjects:

MARC

LEADER 00000nam a2200000 a 4500
001 vtls010041343
003 SK-MaSNL
005 20260301083450.0
008 251029s2008 ja a n 001 0 eng
015 |a SNBZSA2011-00143 
020 |a 9784902140095  |q (brož.) 
035 |a 7F49ACD3-ACDF-4E54-AA1B-903BCF151FF4 
035 |a urn:nbn:sk:snk-amlfgo 
035 |a urn:nbn:sk:snk-am008xhb 
040 |a SNK  |b slo  |c SNK  |e AACR2 
041 0 |a eng 
043 |a ec-----  |a ee----- 
044 |a ja  |c JP 
072 7 |a 33  |x Ekonómia  |2 konspekt 
080 |a 330.322  |x (4-191.2)  |x (4-11)  |2 2001  |2 2001 
080 |a 339.52  |2 2001 
080 |a 658.114  |2 2001 
100 1 |a Koyama, Yoji  |4 aut  |9 410398 
245 1 0 |a Transition, European integration and foreign direct investment in Central and East European countries  |c Koyama Yoji 
260 |a Niigata  |b Graduate School of Modern Society and Culture, Niigata University  |c 2008 
300 |a 236 s.  |b ilustr.  |c 21 cm 
490 1 |a Niigata University scholars series  |v vol. 9 
504 |a Bibliogr. s. 219-232. Reg. 
650 0 7 |a zahraničné investície  |2 snkph  |9 2650 
650 0 7 |a ekonomická integrácia  |2 snkph  |9 2139 
651 7 |a Európa stredná  |2 snkph  |9 23970 
651 7 |a Európa východná  |2 snkph 
655 7 |a štúdie  |2 snkph  |9 57033 
830 0 |a Niigata University scholars series  |9 317809 
919 |a 978-4-902140-09-5 
958 |a ZS 
958 |a NB 
958 |a OND 
999 |c 660607  |d 662537 
952 |a SNK  |b SNK  |y PREZ  |7 0  |p 17A0643334  |o snkSC 138739  |i snk2010/1502  |8 2  |g 20.00  |0 0  |1 0  |4 0  |d 2010-01-20  |f 1  |l 0  |r 2017-06-30 00:00:00  |w 2026-02-23